000 00652nam a2200241Ia 4500
003 OSt
005 20220916110943.0
006 a|||||r|||| 00| 0
007 ta
008 220915b |||||||| |||| 00| 0 eng d
024 _a29497
037 _cTextbook
040 _beng
_aARTS
_cARTS
041 _aeng
082 _aO111,2L9:g, L4 (MO)
100 _aMaxwell Baldwin
245 0 _aStudies in Beaumont, Fletcher, Massinger
260 _aNew York
_bOctagon Books USA
300 _a238p.
_ccm.
650 _aENGLISH LITERATURE
942 _hO111,2L9:g, L4 (MO)
_cTB
_2CC
999 _c102176
_d102176